| 000 | 00754cab a2200229 4500 | ||
|---|---|---|---|
| 001 | ABS58835 | ||
| 008 | 090401t1998 xxu||||| |||| 00| 0 eng d | ||
| 035 | _a(Sirsi) u86953 | ||
| 041 | _aeng | ||
| 100 | _aKlein, R. | ||
| 245 | _aNew JCT of limited use | ||
| 260 | _c1998 | ||
| 350 | _a0 | ||
| 490 |
_aConstruction News _v(6569) 11 June 1998, 31(1) |
||
| 520 | _aDiscusses the structure of the newly-established Joint Contracts Tribunal Limited and the changes to the old JCT, including constituent bodies and the relevant college. | ||
| 650 | _aCONSTRUCTION CONFEDERATION | ||
| 650 | _aJCT | ||
| 650 | _aNATIONAL SPECIALIST CONTRACTORS COUNCIL | ||
| 690 | _aBUILT ENVIRONMENT-BUILDING CONTRACT FORMS | ||
| 942 | _n0 | ||
| 948 | _c23/06/1998 | ||
| 999 |
_c54760 _d54760 |
||